| 000 | 00554nam a22001697a 4500 | ||
|---|---|---|---|
| 008 | 150306b xxu||||| |||| 00| 0 eng d | ||
| 020 | _a9780486434810 | ||
| 050 | _aQA461.K4513 2004 | ||
| 100 |
_aKlein, Felix _915892 |
||
| 245 |
_aElementary mathematics _bfrom an advanced standpoint _c/ by Felix, Klein |
||
| 260 |
_aMineola, New York _bDover _c2004 |
||
| 300 |
_aix, 214p. _c22cm. |
||
| 650 |
_aGeometry _xStudy and teaching _915893 |
||
| 700 |
_aE.R. Hedrick (trans.) _915899 |
||
| 700 |
_aC.A. Noble (trans.) _915900 |
||
| 942 |
_2lcc _cMONOGRAPH |
||
| 999 |
_c122305 _d122305 |
||